000 00609nam a2200181Ia 4500
003 GCL
008 140319s9999 xx 000 0 ara d
040 _aGCL /
_cGCL
082 0 4 _a257.5
_bم م
100 1 _aمحمد حسام محمود لطفى
245 1 0 _aالمرجع العملى فى الملكية الادبية والفنية فى ضوء اراء الفقة واحكام القضاء /
_cمحمد حسام محمود لطفى
300 _a206
490 _aكتاب
_v0
650 0 4 _aالقانون
650 0 4 _aالاسلام
650 0 4 _aالاحكام القضائية
942 _2ddc
_cBK
999 _c42535
_d42535